000 00172 a2200097 4500
020 _a9780836836974
041 _aspa
100 _aAmos, Janine
245 _aVete
942 _cBK
999 _c7367
_d7367